000
00221nam a2200097Ia 4500
008
230907s9999||||xx |||||||||||||| ||und||
082
_a
610.28
_b
BIO
245
0
_a
Biomaterials /
300
_a
xii, 233 pages :
942
_c
BK
999
_c
600902
_d
600902